[Event "Landesliga Sued 1718"]
[Site "Bayern"]
[Date "2018.01.21"]
[Round "5.2"]
[White "Meier, Volker"]
[Black "Lautner, Josef"]
[Result "1-0"]
[WhiteElo "2211"]
[BlackElo "2125"]
[PlyCount "83"]
[EventDate "2017.10.22"]
[EventType "team-tourn"]
[EventRounds "9"]
[EventCountry "GER"]
[SourceTitle "EXT 2022"]
[Source "ChessBase"]
[SourceDate "2021.10.06"]
[SourceVersion "1"]
[SourceVersionDate "2021.10.06"]
[SourceQuality "1"]
[WhiteTeam "Muenchen Tarrasch"]
[BlackTeam "Roehrnbach"]
[WhiteTeamCountry "GER"]
[BlackTeamCountry "GER"]

1. e4 Nf6 2. e5 Nd5 3. d4 d6 4. c4 Nb6 5. exd6 exd6 6. Nc3 Be7 7. Qf3 Nc6 8. Be3 0-0 9. 0-0-0 f5 10. g3 Be6 11. b3 Qc8 12. Nge2 a5 13. a4 Nb4 14. Nf4 Bf7 15. h4 Bf6 16. Bg2 Rb8 17. Kb2 c6 18. Nh5 Bxh5 19. Qxh5 g6 20. Qf3 h5 21. Bg5 Qd8 22. Qf4 Na8 23. Rhe1 Nc7 24. Bf1 Qd7 25. Bxf6 Rxf6 26. d5 cxd5 27. cxd5 Kh7 28. Bc4 Rff8 29. Re3 Rbe8 30. Rde1 Rxe3 31. Rxe3 Rf7 32. Re6 Ncxd5 33. Qxd6 Nxc3 34. Kxc3 Qc8 35. Rxg6 Qh8+ 36. Kd2 Qb2+ 37. Ke3 Qc1+ 38. Kd4 Nc6+ 39. Kc5 Re7 40. Kb6 Re5 41. Bg8+ Kh8 42. Qf6# 1-0

[Event "Landesliga Sued 1415"]
[Site "Bayern"]
[Date "2015.03.15"]
[Round "8.6"]
[White "Lautner, Josef"]
[Black "Sirota, Boris"]
[Result "0-1"]
[WhiteElo "2173"]
[BlackElo "2067"]
[PlyCount "114"]
[EventDate "2014.10.19"]
[EventType "team-tourn"]
[EventRounds "9"]
[EventCountry "GER"]
[SourceTitle "EXT 2018"]
[Source "ChessBase"]
[SourceDate "2017.10.13"]
[SourceVersion "1"]
[SourceVersionDate "2017.10.13"]
[SourceQuality "1"]
[WhiteTeam "Roehrnbach"]
[BlackTeam "Muenchen Suedost"]
[WhiteTeamCountry "GER"]
[BlackTeamCountry "GER"]

1. d4 d5 2. Nf3 Nf6 3. c4 e6 4. e3 b6 5. b3 Bb7 6. Bd3 Bd6 7. 0-0 Nbd7 8. Bb2 0-0 9. Ne5 Re8 10. Nd2 Ne4 11. Ndf3 f6 12. Nxd7 Qxd7 13. Qc2 c5 14. Rad1 Qf7 15. dxc5 Bxc5 16. Nd2 f5 17. Nf3 Rac8 18. Qe2 Bd6 19. Be5 Bxe5 20. Nxe5 Qf6 21. Qb2 Red8 22. f4 Nc5 23. Qa3 Nxd3 24. Rxd3 dxc4 25. bxc4 Rxd3 26. Qxd3 Rd8 27. Qe2 Qe7 28. Rd1 Be4 29. Rd2 Rxd2 30. Qxd2 h6 31. h3 Kh7 32. Qb2 Qd6 33. Qc1 Qc5 34. Kf2 b5 35. Qf1 bxc4 36. Qxc4 Qxc4 37. Nxc4 Bd5 38. Ne5 Bxa2 39. Ke2 Bd5 40. g3 a5 41. Kd3 a4 42. Kc3 a3 43. h4 Kg8 44. Nd3 Kf7 45. Nb4 a2 46. Kb2 Kg6 47. Nd3 Kf6 48. Nb4 Bc4 49. Nc6 Bb3 50. Ka1 Kf7 51. Kb2 Ke8 52. Nd4 Bd5 53. Nc2 Kd7 54. Kc3 Kc6 55. Kd4 Kb5 56. Na1 Kb4 57. Kd3 Be4+ 0-1

[Event "Landesliga Sued 1415"]
[Site "Bayern"]
[Date "2014.12.07"]
[Round "4.6"]
[White "Wagner, Hans2222"]
[Black "Lautner, Josef"]
[Result "1-0"]
[WhiteElo "2103"]
[BlackElo "2173"]
[PlyCount "75"]
[EventDate "2014.10.19"]
[EventType "team-tourn"]
[EventRounds "9"]
[EventCountry "GER"]
[SourceTitle "EXT 2018"]
[Source "ChessBase"]
[SourceDate "2017.10.13"]
[SourceVersion "1"]
[SourceVersionDate "2017.10.13"]
[SourceQuality "1"]
[WhiteTeam "Rottal"]
[BlackTeam "Roehrnbach"]
[WhiteTeamCountry "GER"]
[BlackTeamCountry "GER"]

1. Nf3 d5 2. b3 Nf6 3. Bb2 e6 4. e3 Nbd7 5. d4 c6 6. Bd3 Bd6 7. 0-0 0-0 8. Ne5 Qc7 9. f4 Ne4 10. c4 f6 11. Nxd7 Bxd7 12. Nc3 f5 13. Rc1 Qd8 14. Rc2 Rf6 15. g3 Rh6 16. Rg2 Be8 17. Be2 Nf6 18. Qc1 Qe7 19. c5 Bc7 20. b4 Bh5 21. a4 Bxe2 22. Rxe2 Kh8 23. Rg2 Rg8 24. Nd1 g5 25. Rff2 Rhg6 26. Kf1 h5 27. Rc2 h4 28. Bc3 Qh7 29. Be1 Nh5 30. Nc3 h3 31. Rgf2 gxf4 32. gxf4 Ng3+ 33. hxg3 Rxg3 34. Rh2 Rg1+ 35. Ke2 Qh5+ 36. Kd3 Qf3 37. Rcf2 Qg4 38. Ne2 1-0

[Event "Donau op 20th"]
[Site "Aschach"]
[Date "2011.12.29"]
[Round "5"]
[White "Schreiner, Peter"]
[Black "Lautner, Josef"]
[Result "1-0"]
[WhiteElo "2371"]
[BlackElo "2190"]
[PlyCount "53"]
[EventDate "2011.12.26"]
[EventType "swiss"]
[EventRounds "7"]
[EventCountry "AUT"]
[SourceTitle "CBM 146 Extra"]
[Source "ChessBase"]
[SourceDate "2012.02.29"]
[SourceVersion "1"]
[SourceVersionDate "2012.02.29"]
[SourceQuality "1"]

1. d4 d5 2. c4 e6 3. Nf3 c6 4. Qc2 Nf6 5. g3 Be7 6. Bg2 0-0 7. 0-0 Nbd7 8. Nbd2 b6 9. e4 Bb7 10. e5 Ne8 11. cxd5 exd5 12. Re1 Nc7 13. Nf1 Ne6 14. Ne3 g6 15. Ng4 h5 16. Ne3 c5 17. Bh3 Kg7 18. Ng2 Rh8 19. Bxe6 fxe6 20. h4 Qf8 21. Bg5 Qxf3 22. Nf4 Bxg5 23. Qxg6+ Kf8 24. Nxe6+ Ke7 25. Nxg5 Qf8 26. Qd6+ Ke8 27. Qc7 1-0

[Event "Oberliga Bayern 1112"]
[Site "Bayern"]
[Date "2011.10.23"]
[Round "2.7"]
[White "Majer, Damir"]
[Black "Lautner, Josef"]
[Result "1-0"]
[WhiteElo "2173"]
[BlackElo "2172"]
[PlyCount "75"]
[EventDate "2011.10.02"]
[EventType "team-tourn"]
[EventRounds "9"]
[EventCountry "GER"]
[SourceTitle "EXT 2013"]
[Source "ChessBase"]
[SourceDate "2012.11.22"]
[SourceVersion "1"]
[SourceVersionDate "2012.11.22"]
[SourceQuality "1"]
[WhiteTeam "Bayern Muenchen II"]
[BlackTeam "Passau"]
[WhiteTeamCountry "GER"]
[BlackTeamCountry "GER"]

1. c4 e6 2. e4 d5 3. exd5 exd5 4. d4 Nf6 5. Nc3 Be7 6. Nf3 0-0 7. Bd3 dxc4 8. Bxc4 Nbd7 9. 0-0 Nb6 10. Bb3 Bg4 11. Re1 c6 12. Bg5 h6 13. Bh4 Nfd5 14. Bg3 Nxc3 15. bxc3 Bf6 16. Qd3 c5 17. Ne5 Bxe5 18. Bc2 g6 19. Rxe5 Nd7 20. Rd5 Qf6 21. Qd2 h5 22. Rxd7 Bxd7 23. Be5 Qe7 24. Qh6 f6 25. Bb3+ Be6 26. Qxg6+ Kh8 27. Qh6+ Kg8 28. Re1 Bxb3 29. Re3 Bd1 30. Rg3+ Kf7 31. Rg7+ Ke8 32. Rxe7+ Kxe7 33. Qg7+ Ke6 34. Bf4 cxd4 35. Qxb7 Bg4 36. h3 Bf5 37. cxd4 Bd3 38. Qb3+ 1-0

[Event "AUT-chT2M 1011"]
[Site "Austria"]
[Date "2010.11.26"]
[Round "3"]
[White "Lautner, Josef"]
[Black "Penz, Florian"]
[Result "1-0"]
[WhiteElo "2210"]
[BlackElo "1599"]
[PlyCount "57"]
[EventDate "2010.10.16"]
[EventType "team-tourn"]
[EventRounds "11"]
[EventCountry "AUT"]
[SourceTitle "EXT 2012"]
[Source "ChessBase"]
[SourceDate "2011.11.24"]
[SourceVersion "1"]
[SourceVersionDate "2011.11.24"]
[SourceQuality "1"]
[WhiteTeam "Sauwald"]
[BlackTeam "Graz Styria"]
[WhiteTeamCountry "AUT"]
[BlackTeamCountry "AUT"]

1. d4 d5 2. Nf3 Nf6 3. c4 c6 4. cxd5 cxd5 5. Nc3 Nc6 6. Bf4 Nh5 7. Be5 f6 8. Bg3 Nxg3 9. hxg3 g6 10. e3 e6 11. Bd3 Kf7 12. Bxg6+ Kxg6 13. Nh4+ Kf7 14. Qh5+ Kg8 15. 0-0-0 Bg7 16. e4 dxe4 17. d5 Nb4 18. dxe6 Nd3+ 19. Rxd3 Bh6+ 20. Qxh6 exd3 21. Nf5 Qf8 22. Qe3 Qe8 23. Re1 Qxe6 24. Qxe6+ Bxe6 25. Rxe6 Kf7 26. Re7+ Kg6 27. g4 Rhg8 28. Rxb7 Kg5 29. Rxh7 1-0

[Event "Landesliga Sued 0910"]
[Site "Bayern"]
[Date "2009.11.15"]
[Round "2.2"]
[White "Lautner, Josef"]
[Black "Kharitonov, Alexander"]
[Result "0-1"]
[WhiteElo "2169"]
[BlackElo "2211"]
[PlyCount "58"]
[EventDate "2009.10.18"]
[EventType "team-tourn"]
[EventRounds "9"]
[EventCountry "GER"]
[SourceTitle "EXT 2011"]
[Source "ChessBase"]
[SourceDate "2010.11.26"]
[SourceVersion "1"]
[SourceVersionDate "2010.11.26"]
[SourceQuality "1"]
[WhiteTeam "Passau II"]
[BlackTeam "Muenchen Tarrasch II"]
[WhiteTeamCountry "GER"]
[BlackTeamCountry "GER"]

1. d4 Nf6 2. c4 c5 3. d5 b5 4. cxb5 a6 5. f3 e6 6. e4 exd5 7. e5 Qe7 8. Qe2 Ng8 9. Nc3 Bb7 10. Nh3 c4 11. Be3 Qxe5 12. 0-0-0 Be7 13. Qf2 Qc7 14. Bb6 Qc8 15. Rxd5 Bxd5 16. Nxd5 axb5 17. Nc7+ Kf8 18. Nxa8 Na6 19. Be2 Qxa8 20. Rd1 Nf6 21. Bd4 Nb4 22. Bc5 Qc6 23. Bxe7+ Kxe7 24. Qe3+ Kd8 25. Ng5 Re8 26. Nxf7+ Kc8 27. Qa3 Nfd5 28. Rd2 Re3 29. Qa7 c3 0-1

[Event "Regionalliga SO 0809"]
[Site "Bayern"]
[Date "2009.01.11"]
[Round "5.1"]
[White "Lautner, Josef"]
[Black "Huch, Reiner"]
[Result "1/2-1/2"]
[WhiteElo "2185"]
[BlackElo "2251"]
[PlyCount "47"]
[EventDate "2008.10.05"]
[EventType "team-tourn"]
[EventRounds "9"]
[EventCountry "GER"]
[SourceTitle "EXT 2020"]
[Source "ChessBase"]
[SourceDate "2019.10.17"]
[SourceVersion "1"]
[SourceVersionDate "2019.10.17"]
[SourceQuality "1"]
[WhiteTeam "Passau II"]
[BlackTeam "Trostberg"]
[WhiteTeamCountry "GER"]
[BlackTeamCountry "GER"]

1. d4 d5 2. Nf3 Nf6 3. c4 dxc4 4. e3 Bg4 5. Bxc4 e6 6. h3 Bh5 7. Nc3 a6 8. g4 Bg6 9. Ne5 Nbd7 10. Nxg6 hxg6 11. Bf1 Bd6 12. Bg2 c6 13. Bd2 Qc7 14. Qe2 Nb6 15. g5 Nfd5 16. Ne4 Be7 17. f4 Nd7 18. 0-0 c5 19. dxc5 Nxc5 20. Nc3 Rd8 21. Nxd5 exd5 22. Bc3 Ne6 23. Rad1 Bc5 24. Be5 1/2-1/2

[Event "Regionalliga SO 0708"]
[Site "Bayern"]
[Date "2008.02.17"]
[Round "6.2"]
[White "Lautner, Josef"]
[Black "Kretschel, Klaus"]
[Result "1-0"]
[WhiteElo "2175"]
[BlackElo "2056"]
[PlyCount "83"]
[EventDate "2007.10.21"]
[EventType "team-tourn"]
[EventRounds "9"]
[EventCountry "GER"]
[SourceTitle "EXT 2009"]
[Source "ChessBase"]
[SourceDate "2008.11.26"]
[SourceVersion "1"]
[SourceVersionDate "2008.11.26"]
[SourceQuality "1"]
[WhiteTeam "Passau II"]
[BlackTeam "Germering"]
[WhiteTeamCountry "GER"]
[BlackTeamCountry "GER"]

1. d4 d6 2. e4 Nf6 3. f3 Nbd7 4. c4 e5 5. Ne2 Be7 6. Nbc3 c6 7. Be3 0-0 8. Qd2 a6 9. g4 b5 10. d5 cxd5 11. cxd5 Nb6 12. Ng3 Nfd7 13. Nd1 Bb7 14. Rc1 Re8 15. Nf5 Bf8 16. Rg1 Rc8 17. Bg5 f6 18. Rxc8 Qxc8 19. Bh4 Qc5 20. Bf2 Qc7 21. g5 g6 22. gxf6 Nxf6 23. Qg5 Kf7 24. Nh4 Nbd7 25. Bh3 Nc5 26. Bxc5 dxc5 27. Be6+ Rxe6 28. dxe6+ Kxe6 29. Rg2 c4 30. a3 a5 31. Rc2 Ba6 32. Ng2 Qc5 33. Nge3 b4 34. axb4 axb4 35. Nxc4 b3 36. Rc3 Bxc4 37. Ne3 Qa5 38. Nxc4 Qc7 39. Kf1 Bb4 40. Rc1 Nh5 41. Qe3 Nf4 42. Qxb3 1-0

[Event "Donau op 16th"]
[Site "Aschach"]
[Date "2007.12.28"]
[Round "4"]
[White "Schwabeneder, Alois"]
[Black "Lautner, Josef"]
[Result "0-1"]
[WhiteElo "2056"]
[BlackElo "2245"]
[PlyCount "70"]
[EventDate "2007.12.26"]
[EventType "swiss"]
[EventRounds "7"]
[EventCountry "AUT"]
[SourceTitle "CBM 122 Extra"]
[Source "ChessBase"]
[SourceDate "2008.03.04"]
[SourceVersion "1"]
[SourceVersionDate "2008.03.04"]
[SourceQuality "1"]

1. Nf3 d5 2. c4 e6 3. e3 Nf6 4. b3 c6 5. Bb2 Nbd7 6. Ne5 Bd6 7. f4 0-0 8. Bd3 Ne4 9. Nxd7 Bxd7 10. Qf3 f5 11. Nc3 Bb4 12. a3 Bxc3 13. dxc3 b5 14. cxb5 cxb5 15. Bxe4 fxe4 16. Qe2 Qh4+ 17. Kd2 e5 18. g3 Qh3 19. Rae1 Bg4 20. Qf1 Qh6 21. h3 Be6 22. Kc2 d4 23. Qxb5 Rab8 24. Qxe5 Bxb3+ 25. Kc1 d3 26. Qxe4 Bc2 27. Qc4+ Kh8 28. Rh2 Qb6 29. Qb4 Qe6 30. Qd4 Qa2 31. c4 Qb1+ 32. Kd2 Qxb2 33. Qxb2 Rxb2 34. Kc3 Rb3+ 35. Kd4 d2 0-1

[Event "BL2-Ost 0607"]
[Site "Germany"]
[Date "2007.02.25"]
[Round "6.7"]
[White "Mueller, Matthias"]
[Black "Lautner, Josef"]
[Result "1-0"]
[WhiteElo "2400"]
[BlackElo "2235"]
[PlyCount "71"]
[EventDate "2006.10.15"]
[EventType "team-tourn"]
[EventRounds "9"]
[EventCountry "GER"]
[SourceTitle "EXT 2008"]
[Source "ChessBase"]
[SourceDate "2007.11.25"]
[SourceVersion "1"]
[SourceVersionDate "2007.11.25"]
[SourceQuality "1"]
[WhiteTeam "Erfurt"]
[BlackTeam "Passau"]
[WhiteTeamCountry "GER"]
[BlackTeamCountry "GER"]

1. e4 d6 2. d4 Nf6 3. Nc3 c6 4. Nf3 g6 5. a4 a5 6. Be2 Bg7 7. 0-0 0-0 8. h3 Na6 9. Bf4 Nb4 10. Qd2 e5 11. Bh6 Bxh6 12. Qxh6 Nxc2 13. dxe5 dxe5 14. Rad1 Qe7 15. Ng5 Re8 16. f4 Ne3 17. fxe5 Qxe5 18. Rxf6 Qxf6 19. Rd3 Nf5 20. exf5 Bxf5 21. Qxh7+ Kf8 22. Qh4 Kg7 23. Rf3 Rad8 24. Qh7+ Kf8 25. Qh6+ Ke7 26. Re3+ Kd7 27. Nf3 Kc7 28. Qf4+ Qd6 29. Qc4 Kb8 30. Rxe8 Rxe8 31. Qxf7 Qc5+ 32. Kh1 Rh8 33. Qf6 Re8 34. Qd4 Qe7 35. Bd3 Bc8 36. Bxg6 1-0

[Event "Donau op 15th"]
[Site "Aschach"]
[Date "2006.12.31"]
[Round "7"]
[White "Jurek, Josef"]
[Black "Lautner, Josef"]
[Result "1-0"]
[WhiteElo "2384"]
[BlackElo "2245"]
[PlyCount "63"]
[EventDate "2006.12.26"]
[EventType "swiss"]
[EventRounds "7"]
[EventCountry "AUT"]
[SourceTitle "EXT 2008"]
[Source "ChessBase"]
[SourceDate "2007.11.25"]
[SourceVersion "1"]
[SourceVersionDate "2007.11.25"]
[SourceQuality "1"]

1. Nf3 d5 2. c4 e6 3. g3 Nf6 4. Bg2 c6 5. 0-0 b5 6. b3 Ba6 7. d3 Nbd7 8. Nbd2 Be7 9. Bb2 0-0 10. Rc1 Qb6 11. Rc2 bxc4 12. bxc4 Rab8 13. Ne5 Bb7 14. Qa1 Rfd8 15. Rb1 Qa6 16. Ndf3 c5 17. Nxd7 Rxd7 18. Be5 Rc8 19. cxd5 exd5 20. Bh3 Rdd8 21. Bxc8 Bxc8 22. Qb2 Ng4 23. Bc7 Rf8 24. h3 Nf6 25. Qe5 Qa4 26. Rcb2 Qd7 27. Rb8 Re8 28. Ra8 Bd8 29. Bxd8 Rxe5 30. Nxe5 Qe6 31. Rbb8 Qxe5 32. Rxc8 1-0

[Event "Donau op 15th"]
[Site "Aschach"]
[Date "2006.12.29"]
[Round "5"]
[White "Lautner, Josef"]
[Black "Neuman, Petr"]
[Result "0-1"]
[WhiteElo "2245"]
[BlackElo "2414"]
[PlyCount "68"]
[EventDate "2006.12.26"]
[EventType "swiss"]
[EventRounds "7"]
[EventCountry "AUT"]
[SourceTitle "EXT 2008"]
[Source "ChessBase"]
[SourceDate "2007.11.25"]
[SourceVersion "1"]
[SourceVersionDate "2007.11.25"]
[SourceQuality "1"]

1. d4 d6 2. e4 Nf6 3. f3 c6 4. c4 e5 5. Ne2 Be7 6. Nbc3 0-0 7. Be3 a6 8. dxe5 dxe5 9. Qxd8 Rxd8 10. Na4 Nfd7 11. c5 a5 12. Nc1 Na6 13. Nb3 Nb4 14. 0-0-0 Nxa2+ 15. Kb1 Nb4 16. Bc4 Re8 17. Rd2 Nf8 18. g3 Be6 19. Bxe6 Nxe6 20. f4 exf4 21. gxf4 Bd8 22. Re2 Bc7 23. Rf1 f5 24. e5 Red8 25. Nb6 Bxb6 26. cxb6 Rd3 27. Nc1 Rd5 28. Rd2 Rad8 29. Rxd5 Rxd5 30. Ne2 Rd3 31. Bg1 Rd2 32. Nc3 Nd3 33. Be3 Rxb2+ 34. Ka1 Rb3 0-1

[Event "Donau op 15th"]
[Site "Aschach"]
[Date "2006.12.28"]
[Round "4"]
[White "Diermair, Andreas"]
[Black "Lautner, Josef"]
[Result "0-1"]
[WhiteElo "2351"]
[BlackElo "2245"]
[PlyCount "102"]
[EventDate "2006.12.26"]
[EventType "swiss"]
[EventRounds "7"]
[EventCountry "AUT"]
[SourceTitle "EXT 2008"]
[Source "ChessBase"]
[SourceDate "2007.11.25"]
[SourceVersion "1"]
[SourceVersionDate "2007.11.25"]
[SourceQuality "1"]

1. e4 d6 2. d4 Nf6 3. Nc3 c6 4. f4 g6 5. Nf3 Bg7 6. Bd3 0-0 7. 0-0 Bg4 8. Be3 Qb6 9. Qd2 Bxf3 10. gxf3 Nfd7 11. Ne2 e6 12. Kh1 c5 13. c3 Nc6 14. Rad1 Rad8 15. Bb1 Qa5 16. d5 exd5 17. exd5 Ne7 18. f5 Nf6 19. fxg6 hxg6 20. Nf4 Kh7 21. Rg1 Rh8 22. Ne6 fxe6 23. Bxg6+ Kg8 24. Qg2 Kf8 25. Bf7 Rh7 26. Bxe6 Qa4 27. Bg5 Qe8 28. Qc2 Qh5 29. Rg3 Re8 30. Rdg1 Nexd5 31. Rh3 Rxe6 32. Rxh5 Rxh5 33. Qg2 Ne7 34. f4 d5 35. Qf3 Rh8 36. c4 d4 37. Qxb7 Re2 38. h4 Kf7 39. Rg2 d3 40. Qf3 Rxg2 41. Kxg2 Rd8 42. h5 d2 43. Qd1 Nf5 44. Kf2 Ne4+ 45. Kf3 Rd4 46. Bd8 Neg3 47. Ba5 Rd3+ 48. Kf2 Ne3 49. Qxd2 Ne4+ 50. Ke2 Rxd2+ 51. Bxd2 Nxd2 0-1

[Event "Donau op 15th"]
[Site "Aschach"]
[Date "2006.12.27"]
[Round "3"]
[White "Lautner, Josef"]
[Black "Dovzik, Juri"]
[Result "0-1"]
[WhiteElo "2245"]
[BlackElo "2422"]
[PlyCount "58"]
[EventDate "2006.12.26"]
[EventType "swiss"]
[EventRounds "7"]
[EventCountry "AUT"]
[SourceTitle "EXT 2008"]
[Source "ChessBase"]
[SourceDate "2007.11.25"]
[SourceVersion "1"]
[SourceVersionDate "2007.11.25"]
[SourceQuality "1"]

1. d4 d5 2. Nf3 Nf6 3. c4 dxc4 4. e3 c5 5. Bxc4 e6 6. 0-0 a6 7. a3 b5 8. Ba2 Bb7 9. Nc3 cxd4 10. exd4 Be7 11. Bg5 0-0 12. Qd3 Nbd7 13. Rad1 Nb6 14. Bb1 g6 15. Bh6 Re8 16. Ne5 Nbd5 17. Ne2 Qb6 18. f4 Rad8 19. Qg3 Nh5 20. Qf2 Ng7 21. Ng3 f5 22. Rfe1 Rd6 23. Re2 Red8 24. Red2 Bf6 25. Kh1 Be7 26. Ne2 Nf6 27. Nc3 Nge8 28. Bg5 Kg7 29. Ba2 Kg8 0-1